[Event "Gibraltar ChallWk2 12th"]
[Site "Gibraltar"]
[Date "2014.02.01"]
[Round "1.9"]
[White "Scharrer, Patrick"]
[Black "Perdomo Araujo, Angel Eduardo"]
[Result "1-0"]
[WhiteElo "2220"]
[BlackElo "2018"]
[PlyCount "57"]
[EventDate "2014.02.01"]
[EventType "swiss"]
[EventRounds "5"]
[EventCountry "GGB"]
[SourceTitle "BritBase"]
[Source "www.saund.co.uk"]
[SourceDate "2018.02.10"]
[SourceVersion "1"]
[SourceVersionDate "2018.02.10"]
[SourceQuality "1"]
[WhiteClock "0:07:05"]
[BlackClock "0:54:17"]

1. e4 e6 2. d4 d5 3. Nc3 Bb4 4. e5 b6 5. Qg4 Bf8 6. Nf3 Ba6 7. Bxa6 Nxa6 8. a3
Qd7 9. b4 h6 10. O-O Ne7 11. b5 Nb8 12. a4 Nf5 13. Ba3 Be7 14. Ne2 g5 15. Bxe7
Qxe7 16. Ng3 Nxg3 17. fxg3 Nd7 18. Qh5 O-O-O 19. a5 Kb7 20. Nd2 f5 21. exf6
Nxf6 22. Qg6 Rdf8 23. Rf3 Ng4 24. h3 Rxf3 25. Nxf3 Nf6 26. Ne5 Ne4 27. axb6
Kxb6 28. c4 Qf6 29. Nd7+ 1-0

[Event "Gibraltar ChallWk2 12th"]
[Site "Gibraltar"]
[Date "2014.02.01"]
[Round "1.10"]
[White "Hamer, Martyn"]
[Black "Sanchez Castillo, Sarai"]
[Result "1-0"]
[WhiteElo "2017"]
[BlackElo "2219"]
[PlyCount "87"]
[EventDate "2014.02.01"]
[EventType "swiss"]
[EventRounds "5"]
[EventCountry "GGB"]
[SourceTitle "BritBase"]
[Source "www.saund.co.uk"]
[SourceDate "2018.02.10"]
[SourceVersion "1"]
[SourceVersionDate "2018.02.10"]
[SourceQuality "1"]
[WhiteClock "0:18:25"]
[BlackClock "0:00:13"]

1. Nf3 d5 2. d4 c6 3. c4 e6 4. Qc2 Nf6 5. g3 Nbd7 6. Bg2 Be7 7. O-O Ne4 8. Nc3
f5 9. Ne1 O-O 10. b3 b6 11. Nd3 Bb7 12. Bb2 Rc8 13. f3 Nxc3 14. Qxc3 Bf6 15.
Qd2 c5 16. cxd5 exd5 17. dxc5 bxc5 18. Rac1 Qb6 19. Kh1 c4 20. Bxf6 Qxf6 21.
Nb4 c3 22. Qd3 Rc5 23. f4 Nb6 24. Rfd1 Re8 25. Bf3 Rec8 26. Nc2 g6 27. Ne3 a5
28. a3 Rd8 29. Nc2 Kg7 30. Kg1 Kh6 31. Kf2 Rc7 32. Nd4 Rdc8 33. e3 a4 34. b4
Qe7 35. h3 Nc4 36. Rh1 Nxa3 37. g4 Qxb4 38. gxf5 Qb2+ 39. Be2 Qd2 40. fxg6 Qxd3
41. Bxd3 hxg6 42. Rhg1 Rg8 43. Rg5 Nc4 44. Rcg1 1-0

[Event "Gibraltar ChallWk2 12th"]
[Site "Gibraltar"]
[Date "2014.02.01"]
[Round "1.11"]
[White "Rowe, Duane"]
[Black "Ungureanu, Sandu"]
[Result "1/2-1/2"]
[WhiteElo "2218"]
[BlackElo "2014"]
[PlyCount "166"]
[EventDate "2014.02.01"]
[EventType "swiss"]
[EventRounds "5"]
[EventCountry "GGB"]
[SourceTitle "BritBase"]
[Source "www.saund.co.uk"]
[SourceDate "2018.02.10"]
[SourceVersion "1"]
[SourceVersionDate "2018.02.10"]
[SourceQuality "1"]
[WhiteClock "0:00:19"]
[BlackClock "0:51:48"]

1. e4 c5 2. d4 cxd4 3. c3 dxc3 4. Nxc3 d6 5. Nf3 Nc6 6. Bc4 g6 7. e5 Bg7 8.
exd6 Qxd6 9. Qxd6 Bxc3+ 10. bxc3 exd6 11. Bf4 Be6 12. Bxe6 fxe6 13. Bxd6 O-O-O
14. O-O-O Nf6 15. Ng5 Rhe8 16. Nf7 Rd7 17. Ne5 Rxd6 18. Rxd6 Nxe5 19. Re1 Ned7
20. Rdxe6 Rxe6 21. Rxe6 Kd8 22. Kc2 g5 23. h3 h5 24. a4 g4 25. hxg4 hxg4 26. a5
a6 27. g3 Ne8 28. Kd1 Ndf6 29. Ke2 Kd7 30. Rb6 Nd6 31. Rb4 Kc6 32. Rf4 Nde4 33.
Kd3 Kd5 34. f3 gxf3 35. Rxf3 Nc5+ 36. Kc2 Ke5 37. Rf4 Nd5 38. Rh4 Ne3+ 39. Kb2
Ne4 40. Rh7 Nc4+ 41. Kc2 Nc5 42. Rh5+ Kd6 43. Rh6+ Kd5 44. Rh5+ Kc6 45. Rh4
Nxa5 46. g4 Nc4 47. g5 Ne3+ 48. Kd2 Nf5 49. Rf4 Ng7 50. g6 Nce6 51. Rf6 Kc5 52.
Kd3 a5 53. c4 Kb4 54. Rf7 b6 55. Rf1 Kc5 56. Kc3 Ne8 57. Rf5+ Kc6 58. Re5 N6g7
59. Re7 Kc5 60. Kb3 a4+ 61. Kc3 a3 62. Ra7 Nf5 63. Rxa3 Nfd6 64. Ra8 Ng7 65.
Ra7 Ndf5 66. Rc7+ Kd6 67. Rf7 Kc5 68. Rc7+ Kd6 69. c5+ bxc5 70. Rxc5 Kxc5 71.
Kd3 Kd5 72. Kc3 Nd6 73. Kd3 Ne4 74. Ke3 Nc5 75. Kf4 Kd4 76. Kg5 Ke5 77. Kh6 Kf6
78. Kh7 Nd7 79. Kg8 Nc5 80. Kh7 Ne4 81. Kh6 Ng3 82. Kh7 N3f5 83. Kg8 Kxg6
1/2-1/2

[Event "Gibraltar ChallWk2 12th"]
[Site "Gibraltar"]
[Date "2014.02.01"]
[Round "1.12"]
[White "Dotan, Valeria"]
[Black "Zvarik, Martin"]
[Result "0-1"]
[WhiteElo "1979"]
[BlackElo "2216"]
[PlyCount "92"]
[EventDate "2014.02.01"]
[EventType "swiss"]
[EventRounds "5"]
[EventCountry "GGB"]
[SourceTitle "BritBase"]
[Source "www.saund.co.uk"]
[SourceDate "2018.02.10"]
[SourceVersion "1"]
[SourceVersionDate "2018.02.10"]
[SourceQuality "1"]
[WhiteClock "0:09:17"]
[BlackClock "0:06:37"]

1. Nf3 Nf6 2. c4 d6 3. Nc3 e5 4. d3 Be7 5. g3 O-O 6. Bg2 c6 7. O-O h6 8. e4 Be6
9. b4 Qc8 10. Rb1 Bh3 11. Ne1 Bxg2 12. Kxg2 d5 13. c5 b6 14. cxb6 axb6 15. Qb3
Na6 16. a3 Nc7 17. Nf3 d4 18. Ne2 Nd7 19. g4 Kh7 20. Ng3 g6 21. Bd2 Nb5 22. a4
Nd6 23. a5 b5 24. Rbc1 Ra6 25. h3 Ne8 26. Nh2 Ng7 27. f4 exf4 28. Bxf4 Ne6 29.
Bd2 Qb8 30. Rf2 Bd6 31. Nhf1 c5 32. Rb1 Ne5 33. bxc5 Nxc5 34. Qxb5 Qxb5 35.
Rxb5 Ncxd3 36. Re2 Kg7 37. Nh2 Rc8 38. Nf3 Nxf3 39. Kxf3 Ne5+ 40. Kg2 d3 41.
Re1 Rc2 42. Rd1 Nc4 43. Nf1 Bf4 44. Kf3 Bxd2 45. Nxd2 Rf6+ 46. Kg3 Nxd2 0-1

[Event "Gibraltar ChallWk2 12th"]
[Site "Gibraltar"]
[Date "2014.02.01"]
[Round "1.14"]
[White "Jacobsen, Fredrik Beer"]
[Black "Bird, Andrew"]
[Result "1-0"]
[WhiteElo "1991"]
[BlackElo "2173"]
[PlyCount "61"]
[EventDate "2014.02.01"]
[EventType "swiss"]
[EventRounds "5"]
[EventCountry "GGB"]
[SourceTitle "BritBase"]
[Source "www.saund.co.uk"]
[SourceDate "2018.02.10"]
[SourceVersion "1"]
[SourceVersionDate "2018.02.10"]
[SourceQuality "1"]
[WhiteClock "0:35:30"]
[BlackClock "0:02:59"]

1. e4 e6 2. d4 d5 3. Nd2 c5 4. Ngf3 cxd4 5. exd5 Qxd5 6. Bc4 Qd6 7. Qe2 Nc6 8.
Nb3 Nf6 9. O-O Be7 10. Bb5 O-O 11. Re1 a6 12. Bxc6 Qxc6 13. Nbxd4 Qc7 14. c3
Re8 15. g3 Bd6 16. Bg5 e5 17. Bxf6 gxf6 18. Nh4 Bh3 19. Ndf5 Bc5 20. Qh5 Kh8
21. Qh6 Bf8 22. Qxf6+ Kg8 23. Qg5+ Kh8 24. Qf6+ Kg8 25. g4 Rad8 26. Re3 Rd2 27.
Rxh3 Red8 28. Nf3 Rd1+ 29. Rxd1 Rxd1+ 30. Kg2 Qc4 31. Ne3 1-0

[Event "Gibraltar ChallWk2 12th"]
[Site "Gibraltar"]
[Date "2014.02.01"]
[Round "1.15"]
[White "Dolzhikova, Olga"]
[Black "Oliveira, Maria Ines"]
[Result "1-0"]
[WhiteElo "2203"]
[BlackElo "1976"]
[PlyCount "71"]
[EventDate "2014.02.01"]
[EventType "swiss"]
[EventRounds "5"]
[EventCountry "GGB"]
[SourceTitle "BritBase"]
[Source "www.saund.co.uk"]
[SourceDate "2018.02.10"]
[SourceVersion "1"]
[SourceVersionDate "2018.02.10"]
[SourceQuality "1"]
[WhiteClock "0:03:03"]
[BlackClock "0:05:07"]

1. e4 c5 2. c3 Nf6 3. e5 Nd5 4. g3 e6 5. Bg2 d6 6. exd6 Bxd6 7. Nf3 Bd7 8. O-O
Bc6 9. Re1 Nd7 10. d4 N5f6 11. d5 Bxd5 12. c4 Bxf3 13. Bxf3 Be5 14. Bxb7 Rb8
15. Bc6 O-O 16. Nc3 Rb6 17. Bg2 Qe7 18. Qc2 Rd8 19. Bd2 Rbb8 20. Rad1 a6 21. b3
Bd4 22. Ne2 Be5 23. Ba5 Rdc8 24. Rd2 h5 25. Red1 h4 26. Qd3 Nf8 27. f4 Bc7 28.
Bxc7 Qxc7 29. Qd6 Qa5 30. Bf3 hxg3 31. hxg3 Ng6 32. Qd3 Rd8 33. Qxd8+ Rxd8 34.
Rxd8+ Kh7 35. Kg2 Qxa2 36. Rh1+ 1-0

[Event "Gibraltar ChallWk2 12th"]
[Site "Gibraltar"]
[Date "2014.02.01"]
[Round "1.16"]
[White "Adebajo, Olufemi"]
[Black "Janev, Pavel"]
[Result "0-1"]
[WhiteElo "1979"]
[BlackElo "2203"]
[PlyCount "64"]
[EventDate "2014.02.01"]
[EventType "swiss"]
[EventRounds "5"]
[EventCountry "GGB"]
[SourceTitle "BritBase"]
[Source "www.saund.co.uk"]
[SourceDate "2018.02.10"]
[SourceVersion "1"]
[SourceVersionDate "2018.02.10"]
[SourceQuality "1"]

1. e4 e5 2. Nf3 d6 3. Nc3 c5 4. g3 g6 5. Bg2 Bg7 6. d3 Ne7 7. O-O O-O 8. Nh4
Nbc6 9. Be3 Be6 10. Qd2 f6 11. Nd5 g5 12. Nf5 Nxf5 13. exf5 Bxf5 14. f4 gxf4
15. gxf4 Qd7 16. fxe5 fxe5 17. Rf3 Kh8 18. Rg3 Be6 19. c3 Bxd5 20. Bxd5 Ne7 21.
Bg2 Bf6 22. Bg5 Bxg5 23. Qxg5 Ng6 24. Be4 Nf4 25. Kh1 Qf7 26. Rf1 Qf6 27. d4
Qxg5 28. Rxg5 cxd4 29. cxd4 d5 30. Bg2 e4 31. Rc1 h6 32. Rg4 Nd3 0-1

[Event "Gibraltar ChallWk2 12th"]
[Site "Gibraltar"]
[Date "2014.02.01"]
[Round "1.17"]
[White "Nikolaidis, Konstantinos"]
[Black "Wynarczyk, Raymond"]
[Result "1-0"]
[WhiteElo "2185"]
[BlackElo "1973"]
[PlyCount "73"]
[EventDate "2014.02.01"]
[EventType "swiss"]
[EventRounds "5"]
[EventCountry "GGB"]
[SourceTitle "BritBase"]
[Source "www.saund.co.uk"]
[SourceDate "2018.02.10"]
[SourceVersion "1"]
[SourceVersionDate "2018.02.10"]
[SourceQuality "1"]

1. d4 d5 2. c4 Nc6 3. Nc3 dxc4 4. Nf3 Nf6 5. d5 Na5 6. Qa4+ c6 7. b4 b5 8. Qxa5
Qxa5 9. bxa5 b4 10. Nd1 cxd5 11. g3 e6 12. Bg2 Bd6 13. Bf4 Bxf4 14. gxf4 Ba6
15. O-O Ke7 16. Ne5 Rhc8 17. Ne3 Rab8 18. Nc2 Nh5 19. Nd4 Nxf4 20. Nec6+ Kd6
21. Nxb8 Rxb8 22. Rfe1 e5 23. Nf3 Rb5 24. Rab1 Rxa5 25. Rxb4 Rxa2 26. Bf1 c3
27. e3 Nd3 28. Bxd3 Bxd3 29. Rb3 Rc2 30. Ra1 Bc4 31. Rba3 d4 32. exd4 exd4 33.
Nxd4 Rd2 34. Nf3 Rd3 35. Ne1 Rh3 36. f3 g5 37. Rxc3 1-0

[Event "Gibraltar ChallWk2 12th"]
[Site "Gibraltar"]
[Date "2014.02.01"]
[Round "1.18"]
[White "Brown, David"]
[Black "Mihajlov, Sebastian"]
[Result "0-1"]
[WhiteElo "1968"]
[BlackElo "2185"]
[PlyCount "88"]
[EventDate "2014.02.01"]
[EventType "swiss"]
[EventRounds "5"]
[EventCountry "GGB"]
[SourceTitle "BritBase"]
[Source "www.saund.co.uk"]
[SourceDate "2018.02.10"]
[SourceVersion "1"]
[SourceVersionDate "2018.02.10"]
[SourceQuality "1"]

1. e4 e5 2. Nf3 Nc6 3. Bc4 Bc5 4. d3 d6 5. Nc3 h6 6. h3 Nf6 7. Be3 Bxe3 8. fxe3
Na5 9. Bb5+ c6 10. Ba4 b5 11. Bb3 Nxb3 12. axb3 O-O 13. Qe2 a5 14. O-O b4 15.
Nd1 Re8 16. Qf2 d5 17. exd5 cxd5 18. Nh4 Qc7 19. Qd2 Bd7 20. Nf5 Ra6 21. c4 Qc8
22. Ng3 Rd8 23. Nf2 Be6 24. Qe2 Qc7 25. e4 dxc4 26. dxc4 Nd7 27. Ng4 Nc5 28.
Nf6+ gxf6 29. Rxf6 Bc8 30. Raf1 Rxf6 31. Rxf6 Rd6 32. Nh5 Qe7 33. Qf3 Nxe4 34.
Rxd6 Nxd6 35. Nf6+ Kg7 36. Nh5+ Kh8 37. c5 Nf5 38. Qc6 Be6 39. g4 Ng7 40. Qa8+
Qe8 41. Qe4 Nxh5 42. gxh5 Bxh3 43. c6 Qe6 44. Kh2 Bf5 0-1

[Event "Gibraltar ChallWk2 12th"]
[Site "Gibraltar"]
[Date "2014.02.01"]
[Round "1.19"]
[White "Rodriguez Alvarez, Vidal"]
[Black "Romero Valencia, Fernando"]
[Result "1-0"]
[WhiteElo "2166"]
[BlackElo "1960"]
[PlyCount "63"]
[EventDate "2014.02.01"]
[EventType "swiss"]
[EventRounds "5"]
[EventCountry "GGB"]
[SourceTitle "BritBase"]
[Source "www.saund.co.uk"]
[SourceDate "2018.02.10"]
[SourceVersion "1"]
[SourceVersionDate "2018.02.10"]
[SourceQuality "1"]

1. d4 d5 2. c4 e5 3. dxe5 d4 4. a3 Nc6 5. Nf3 Nge7 6. Nbd2 Ng6 7. Nb3 Ngxe5 8.
Nxe5 Nxe5 9. Nxd4 c5 10. Nb5 a6 11. Qxd8+ Kxd8 12. Nc3 Nxc4 13. e4 Be6 14. Bg5+
Be7 15. O-O-O+ Ke8 16. Bf4 Na5 17. Nd5 Nb3+ 18. Kb1 Bxd5 19. Rxd5 b5 20. a4 c4
21. Be2 Bc5 22. Rhd1 Bxf2 23. axb5 axb5 24. Rxb5 Ra1+ 25. Kc2 Rxd1 26. Kxd1 Ke7
27. Rb7+ Kf6 28. Bxc4 Na5 29. Rxf7+ Kg6 30. Bd5 Rd8 31. Re7 Bd4 32. Bc7 1-0

[Event "Gibraltar ChallWk2 12th"]
[Site "Gibraltar"]
[Date "2014.02.01"]
[Round "1.20"]
[White "Tortolero, Cesar"]
[Black "Kvisla, Johannes Luangtep"]
[Result "0-1"]
[WhiteElo "1952"]
[BlackElo "2154"]
[PlyCount "100"]
[EventDate "2014.02.01"]
[EventType "swiss"]
[EventRounds "5"]
[EventCountry "GGB"]
[SourceTitle "BritBase"]
[Source "www.saund.co.uk"]
[SourceDate "2018.02.10"]
[SourceVersion "1"]
[SourceVersionDate "2018.02.10"]
[SourceQuality "1"]

1. d4 Nf6 2. Nf3 e6 3. g3 d5 4. Bg2 b5 5. a4 b4 6. c4 bxc3 7. Nxc3 c5 8. Bg5
Nbd7 9. O-O Bb7 10. a5 Ba6 11. Re1 Rb8 12. e4 dxe4 13. Nxe4 Be7 14. Bxf6 Nxf6
15. Nxf6+ gxf6 16. d5 Qxd5 17. Qxd5 exd5 18. Nh4 Bc8 19. Bxd5 Rxb2 20. Bc6+ Kf8
21. Rad1 f5 22. Ng2 Bf6 23. Nf4 h5 24. h4 Bd4 25. Re2 Rb3 26. Kg2 Kg7 27. Bd5
Rb2 28. Rde1 Bc3 29. Rxb2 Bxe1 30. Re2 Bxa5 31. Re7 Rf8 32. Nxh5+ Kh6 33. Nf4
Bb6 34. h5 a5 35. Bxf7 Bd8 36. Ra7 Bb6 37. Re7 Rd8 38. Bg6 Kg5 39. Rf7 Rh8 40.
Nh3+ Kh6 41. f4 Bd8 42. Kf2 c4 43. Ke2 Be6 44. Ra7 c3 45. Kd3 Bf6 46. Kc2 a4
47. Ra6 Bb3+ 48. Kc1 Rd8 49. Nf2 c2 50. Ra7 Rd1+ 0-1

[Event "Gibraltar ChallWk2 12th"]
[Site "Gibraltar"]
[Date "2014.02.01"]
[Round "1.21"]
[White "Lercel, Michal"]
[Black "Lochte, Szilvia"]
[Result "1-0"]
[WhiteElo "2150"]
[BlackElo "1951"]
[PlyCount "73"]
[EventDate "2014.02.01"]
[EventType "swiss"]
[EventRounds "5"]
[EventCountry "GGB"]
[SourceTitle "BritBase"]
[Source "www.saund.co.uk"]
[SourceDate "2018.02.10"]
[SourceVersion "1"]
[SourceVersionDate "2018.02.10"]
[SourceQuality "1"]

1. d4 Nf6 2. c4 e6 3. Nc3 Bb4 4. e3 O-O 5. Nge2 b6 6. a3 Be7 7. d5 e5 8. Ng3 d6
9. Be2 Re8 10. O-O g6 11. e4 a5 12. Be3 Nbd7 13. Rb1 Bf8 14. Qd2 Bg7 15. Kh1 a4
16. Bd1 Ba6 17. Bxa4 Bxc4 18. Rfc1 Ng4 19. h3 Nxe3 20. Qxe3 Re7 21. Bb5 Bxb5
22. Nxb5 Nf6 23. Rc4 Ne8 24. Rbc1 h5 25. R1c3 Rd7 26. Qc1 Rc8 27. Rc6 h4 28.
Nf1 f5 29. Ne3 Bh6 30. Qc2 Rf7 31. Nc4 Ra8 32. exf5 Qf6 33. fxg6 Rg7 34. Rf3
Qg5 35. Ne3 Rxg6 36. Nxc7 Nxc7 37. Rxc7 1-0

[Event "Gibraltar ChallWk2 12th"]
[Site "Gibraltar"]
[Date "2014.02.01"]
[Round "1.22"]
[White "Bucknell, Malcolm Gordon"]
[Black "Osuna Vega, Enrique"]
[Result "0-1"]
[WhiteElo "1947"]
[BlackElo "2141"]
[PlyCount "86"]
[EventDate "2014.02.01"]
[EventType "swiss"]
[EventRounds "5"]
[EventCountry "GGB"]
[SourceTitle "BritBase"]
[Source "www.saund.co.uk"]
[SourceDate "2018.02.10"]
[SourceVersion "1"]
[SourceVersionDate "2018.02.10"]
[SourceQuality "1"]

1. d4 Nf6 2. Nf3 g6 3. g3 Bg7 4. Bg2 O-O 5. O-O d6 6. c4 Nbd7 7. Nc3 e5 8. dxe5
dxe5 9. Qc2 c6 10. Rd1 Qc7 11. e4 Nc5 12. b3 Re8 13. Ba3 Bf8 14. Bb2 Bg4 15. h3
Bxf3 16. Bxf3 Rad8 17. Ne2 Ne6 18. Bg2 Bc5 19. Rxd8 Rxd8 20. Rd1 Rd6 21. a3 a5
22. Rxd6 Qxd6 23. b4 axb4 24. axb4 Bxb4 25. f4 Bc5+ 26. Kh2 Nd7 27. fxe5 Nxe5
28. Nf4 Bd4 29. Bc1 Qb4 30. Nxe6 fxe6 31. Qd1 Qxc4 32. Bf1 Qa2+ 33. Bg2 h5 34.
Bf4 Qa1 35. Bc1 b5 36. Qc2 Qc3 37. Qd1 b4 38. Bd2 Qd3 39. Qe1 Bc3 40. Bxc3 bxc3
41. Qa1 Qd2 42. Qa8+ Kg7 43. Qe8 Nf3+ 0-1

[Event "Gibraltar ChallWk2 12th"]
[Site "Gibraltar"]
[Date "2014.02.01"]
[Round "1.23"]
[White "Bundesmann, Joerg"]
[Black "Andersen, Daniel"]
[Result "1-0"]
[WhiteElo "2139"]
[BlackElo "1941"]
[PlyCount "43"]
[EventDate "2014.02.01"]
[EventType "swiss"]
[EventRounds "5"]
[EventCountry "GGB"]
[SourceTitle "BritBase"]
[Source "www.saund.co.uk"]
[SourceDate "2018.02.10"]
[SourceVersion "1"]
[SourceVersionDate "2018.02.10"]
[SourceQuality "1"]

1. d4 Nf6 2. Nf3 g6 3. g3 Bg7 4. Bg2 d5 5. O-O O-O 6. c4 c6 7. Nc3 dxc4 8. a4
Nbd7 9. e4 Rb8 10. Bf4 Ra8 11. Qe2 Nh5 12. Be3 a5 13. Qxc4 Nb6 14. Qb3 Nd7 15.
Rfd1 e6 16. d5 exd5 17. exd5 c5 18. Nd2 Re8 19. Nc4 Bf8 20. d6 Ng7 21. Bd5 Nf6
22. Bxf7+ 1-0

[Event "Gibraltar ChallWk2 12th"]
[Site "Gibraltar"]
[Date "2014.02.01"]
[Round "1.24"]
[White "Mortensen, Henrik"]
[Black "Amgalanbaatar, Ravdanlkhumbuu"]
[Result "0-1"]
[WhiteElo "1938"]
[BlackElo "2137"]
[PlyCount "134"]
[EventDate "2014.02.01"]
[EventType "swiss"]
[EventRounds "5"]
[EventCountry "GGB"]
[SourceTitle "BritBase"]
[Source "www.saund.co.uk"]
[SourceDate "2018.02.10"]
[SourceVersion "1"]
[SourceVersionDate "2018.02.10"]
[SourceQuality "1"]

1. f4 d5 2. Nf3 Nf6 3. e3 b6 4. b3 Bb7 5. Bb2 Nbd7 6. Be2 e6 7. O-O c5 8. Na3
a6 9. c4 Bd6 10. Nc2 Qc7 11. d4 cxd4 12. Ncxd4 O-O 13. Rc1 Qb8 14. g3 Rd8 15.
Qc2 h6 16. Rfd1 Nc5 17. Ba3 Ng4 18. Qb2 Nxe3 19. Re1 Ng4 20. b4 Ne4 21. c5 bxc5
22. bxc5 Bc7 23. Rb1 Ra7 24. c6 Ba8 25. Qc2 Qc8 26. Rec1 Bd6 27. Bxd6 Rxd6 28.
Ne5 Ngf6 29. Qb2 Rd8 30. Qb6 Qc7 31. Bxa6 Ne8 32. Bb7 Ra5 33. a4 N4d6 34. Qxc7
Nxc7 35. Nb5 Nde8 36. Nd7 Rxa4 37. Nxc7 Nxc7 38. Nb6 Ra5 39. Nxa8 Nxa8 40. c7
Nxc7 41. Rxc7 Ra7 42. Rc8 Rxc8 43. Bxc8 g6 44. Rb2 Rc7 45. Ba6 Kg7 46. Kf2 Kf6
47. Re2 Rc3 48. Re3 Rc2+ 49. Re2 Rc5 50. h3 Ra5 51. Bd3 Ra4 52. Rb2 Ra3 53. Be2
g5 54. fxg5+ hxg5 55. Rc2 Ke5 56. Bf3 f5 57. Re2+ Kd6 58. Rd2 Ra5 59. Rb2 d4
60. Bb7 e5 61. Bc8 e4 62. g4 f4 63. Bf5 Ke5 64. Rb8 e3+ 65. Kf3 Ra3 66. h4 d3
67. Bxd3 Rxd3 0-1

[Event "Gibraltar ChallWk2 12th"]
[Site "Gibraltar"]
[Date "2014.02.01"]
[Round "1.25"]
[White "Samu, Sorin-Mihai"]
[Black "Georgieva, Emilia"]
[Result "1-0"]
[WhiteElo "2131"]
[BlackElo "1933"]
[PlyCount "73"]
[EventDate "2014.02.01"]
[EventType "swiss"]
[EventRounds "5"]
[EventCountry "GGB"]
[SourceTitle "BritBase"]
[Source "www.saund.co.uk"]
[SourceDate "2018.02.10"]
[SourceVersion "1"]
[SourceVersionDate "2018.02.10"]
[SourceQuality "1"]

1. c4 c6 2. Nc3 d5 3. e3 e6 4. Nf3 Nf6 5. b3 Be7 6. Bb2 O-O 7. Be2 b6 8. O-O
Nbd7 9. cxd5 exd5 10. Rc1 Bb7 11. d4 Re8 12. a3 Bd6 13. b4 Rc8 14. Bd3 Nf8 15.
g3 Ng6 16. Qa4 Bb8 17. Bf5 Rc7 18. Qc2 Rce7 19. Bh3 Ne4 20. Bg2 f5 21. Ne2 Re6
22. Nf4 Nxf4 23. exf4 h6 24. Ne5 Bxe5 25. dxe5 Rg6 26. f3 Nxg3 27. hxg3 Rxg3
28. Bd4 Re6 29. Bf2 Rgg6 30. Qxf5 Bc8 31. Qh5 d4 32. Bh4 Qe8 33. Kh1 d3 34. f5
d2 35. Rcd1 Ba6 36. Rf2 Rxe5 37. Rfxd2 1-0

[Event "Gibraltar ChallWk2 12th"]
[Site "Gibraltar"]
[Date "2014.02.01"]
[Round "1.26"]
[White "Krokay, Urszula"]
[Black "Jameson, David"]
[Result "1/2-1/2"]
[WhiteElo "1926"]
[BlackElo "2126"]
[PlyCount "60"]
[EventDate "2014.02.01"]
[EventType "swiss"]
[EventRounds "5"]
[EventCountry "GGB"]
[SourceTitle "BritBase"]
[Source "www.saund.co.uk"]
[SourceDate "2018.02.10"]
[SourceVersion "1"]
[SourceVersionDate "2018.02.10"]
[SourceQuality "1"]

1. e4 e5 2. Nf3 Nc6 3. Bb5 a6 4. Ba4 Nf6 5. O-O Nxe4 6. Re1 Nc5 7. Bxc6 dxc6 8.
Nxe5 Be7 9. d4 Ne6 10. c3 O-O 11. Qh5 f6 12. Nc4 Qd5 13. Qe2 Re8 14. Ne3 Nf4
15. Nxd5 Nxe2+ 16. Rxe2 cxd5 17. Bf4 Bf5 18. Re3 c5 19. Nd2 cxd4 20. cxd4 Bb4
21. Nb3 Rxe3 22. Bxe3 b6 23. Rc1 Rc8 24. Rxc8+ Bxc8 25. Bf4 a5 26. a3 Be7 27.
Bc7 a4 28. Nc1 b5 29. Nd3 Kf7 30. f3 Bf5 1/2-1/2

[Event "Gibraltar ChallWk2 12th"]
[Site "Gibraltar"]
[Date "2014.02.01"]
[Round "1.27"]
[White "Nicolas Zapata, Javier"]
[Black "Sevillano Garcia, Joaquin"]
[Result "1-0"]
[WhiteElo "2123"]
[BlackElo "1923"]
[PlyCount "29"]
[EventDate "2014.02.01"]
[EventType "swiss"]
[EventRounds "5"]
[EventCountry "GGB"]
[SourceTitle "BritBase"]
[Source "www.saund.co.uk"]
[SourceDate "2018.02.10"]
[SourceVersion "1"]
[SourceVersionDate "2018.02.10"]
[SourceQuality "1"]

1. e4 e5 2. Nf3 Nc6 3. d4 exd4 4. Bc4 Nf6 5. e5 d5 6. Bb5 Bb4+ 7. c3 dxc3 8.
bxc3 Qe7 9. O-O Bc5 10. exf6 Qd6 11. c4 d4 12. fxg7 Rg8 13. Nbd2 Bf5 14. Re1+
Be6 15. Ne4 1-0

[Event "Gibraltar ChallWk2 12th"]
[Site "Gibraltar"]
[Date "2014.02.01"]
[Round "1.28"]
[White "Rios Gonzalez, Jose Antonio"]
[Black "Becham, Khalid"]
[Result "1/2-1/2"]
[WhiteElo "1912"]
[BlackElo "2122"]
[PlyCount "85"]
[EventDate "2014.02.01"]
[EventType "swiss"]
[EventRounds "5"]
[EventCountry "GGB"]
[SourceTitle "BritBase"]
[Source "www.saund.co.uk"]
[SourceDate "2018.02.10"]
[SourceVersion "1"]
[SourceVersionDate "2018.02.10"]
[SourceQuality "1"]

1. e4 e5 2. Nf3 Nc6 3. Bb5 a6 4. Ba4 Nf6 5. O-O Be7 6. Re1 b5 7. Bb3 O-O 8. c3
d5 9. exd5 Nxd5 10. Nxe5 Nxe5 11. Rxe5 Nf6 12. d4 Bd6 13. Re1 Ng4 14. h3 Qh4
15. Qf3 Nxf2 16. Re2 Bxh3 17. gxh3 Nxh3+ 18. Kf1 g5 19. Re4 Bf4 20. Bxf4 Nxf4
21. Nd2 Qh2 22. Rxf4 gxf4 23. Qg2+ Qxg2+ 24. Kxg2 Rae8 25. Rg1 Re3 26. Kf2+ Kh8
27. Nf3 f5 28. Ne5 Rg3 29. Rxg3 fxg3+ 30. Kxg3 Kg7 31. Kf4 Rd8 32. Be6 Kf6 33.
Bxf5 h5 34. Nd7+ Ke7 35. Nc5 Rg8 36. Nxa6 Rg2 37. b3 Kd6 38. Nb4 h4 39. Be4 h3
40. c4 bxc4 41. bxc4 c5 42. dxc5+ Kxc5 43. Nd3+ 1/2-1/2

[Event "Gibraltar ChallWk2 12th"]
[Site "Gibraltar"]
[Date "2014.02.01"]
[Round "1.29"]
[White "Erdelyi, Tamas"]
[Black "Othman, Mustapha"]
[Result "1-0"]
[WhiteElo "2121"]
[BlackElo "1905"]
[PlyCount "25"]
[EventDate "2014.02.01"]
[EventType "swiss"]
[EventRounds "5"]
[EventCountry "GGB"]
[SourceTitle "BritBase"]
[Source "www.saund.co.uk"]
[SourceDate "2018.02.10"]
[SourceVersion "1"]
[SourceVersionDate "2018.02.10"]
[SourceQuality "1"]

1. c4 Nf6 2. Nf3 g6 3. Nc3 d5 4. cxd5 Nxd5 5. g3 Bg7 6. Bg2 O-O 7. O-O c6 8.
Qc2 Nb4 9. Qd1 Bf5 10. d3 Nd5 11. Na4 b5 12. Nc5 Nd7 13. Nb3 {Loss by mobile
phone} 1-0

[Event "Gibraltar ChallWk2 12th"]
[Site "Gibraltar"]
[Date "2014.02.01"]
[Round "1.30"]
[White "Edakina, Anastasia"]
[Black "Mihajlov, Svetoslav"]
[Result "0-1"]
[WhiteElo "1756"]
[BlackElo "2112"]
[PlyCount "97"]
[EventDate "2014.02.01"]
[EventType "swiss"]
[EventRounds "5"]
[EventCountry "GGB"]
[SourceTitle "BritBase"]
[Source "www.saund.co.uk"]
[SourceDate "2018.02.10"]
[SourceVersion "1"]
[SourceVersionDate "2018.02.10"]
[SourceQuality "1"]

1. e4 c5 2. Nf3 e6 3. Nc3 a6 4. d4 cxd4 5. Nxd4 Qc7 6. Be2 Nf6 7. O-O Nc6 8. a3
Nxd4 9. Qxd4 Bd6 10. h3 b5 11. Be3 Be5 12. Qd3 Bb7 13. Bd4 Rc8 14. Rac1 O-O 15.
Rfd1 d5 16. exd5 Nxd5 17. Nxd5 Bxd5 18. Qe3 Bf4 19. Qd3 Bxc1 20. Rxc1 Bc4 21.
Qe3 f6 22. Bg4 Qc6 23. Bf3 Bd5 24. Bxd5 Qxd5 25. Bc3 e5 26. Bb4 Rfd8 27. Ba5
Rd7 28. Bc3 Re8 29. f3 f5 30. Re1 h6 31. Qf2 Rde7 32. Qg3 Kh7 33. h4 f4 34. Qf2
e4 35. fxe4 Rxe4 36. Rxe4 Qxe4 37. Qa7 Qe3+ 38. Qxe3 fxe3 39. Kf1 e2+ 40. Kf2
h5 41. g3 Kg6 42. Be1 Kf5 43. Kf3 Re4 44. c3 Ke5 45. Kf2 Kd5 46. Bd2 Kc4 47.
Ke1 Kd3 48. b4 Re3 49. Bxe3 0-1